=LDR 00000nam 2200000 4500 =001 INLIS000000000045845 =005 20150211092400.0 =006 =007 =008 =020 ##$$a 978-979-063-223-3 =035 ##$$0010-021500000000405 =040 ##$$a NBPDMAT =082 ##$$a 021.5 =090 ##$$a 021.5 $b Sur m =100 ##$$a Suryaning Wulang =245 ##$$a Mengejar Pelangi / $b Penulis Suyaning Wulang; Editor, Syerif Nurhakim =250 ##$$a Cet. 1 =260 ##$$a Jakarta $b qunito $c 2011 =300 ##$$a 37 hlm $b Ilus $c 26 cm =650 ##$$a Bacaan kanak-kanak =700 ##$$a Syerif nurhakim =990 ##$$a 0001/BPAP-NTB/20142015 =990 ##$$a 0001/BPAP-NTB/20142015 =990 ##$$a 0001/BPAP-NTB/2015 =990 ##$$a 0001/BPAP-NTB/2015